| 000 | 00356nam a2200133Ia 4500 | ||
|---|---|---|---|
| 005 | 20251222155123.0 | ||
| 008 | 251222s9999||||xx |||||||||||||| ||spa|| | ||
| 082 | _aENC.12.1 | ||
| 100 | _aJorge Basadre | ||
| 245 | 0 | _aHistoria de la Republica del Perú Determinación Nacional Guerra Emanc. | |
| 250 | _a8va. ed. | ||
| 264 | _bLa República | ||
| 942 | _cLIB | ||
| 999 |
_c38511 _d38511 |
||